| 000 -LEADER |
| fixed length control field |
00565nam a2200181Ia 4500 |
| 008 - FIXED-LENGTH DATA ELEMENTS--GENERAL INFORMATION |
| fixed length control field |
190805s9999||||xx |||||||||||||| ||und|| |
| 020 ## - INTERNATIONAL STANDARD BOOK NUMBER |
| International Standard Book Number |
9780070151277 |
| Terms of availability |
Rs. 615.00 |
| 082 04 - DEWEY DECIMAL CLASSIFICATION NUMBER |
| Classification number |
530.7 |
| Item number |
N146 |
| 100 1# - MAIN ENTRY--PERSONAL NAME |
| Personal name |
Nakra, B. C. |
| 245 10 - TITLE STATEMENT |
| Title |
Instrumentation: measurement and Analysis / |
| 250 ## - EDITION STATEMENT |
| Edition statement |
3rd ed. |
| 260 ## - PUBLICATION, DISTRIBUTION, ETC. (IMPRINT) |
| Place of publication, distribution, etc |
New Delhi : |
| Name of publisher, distributor, etc |
McGraw Hill Education India, |
| Date of publication, distribution, etc |
2015 |
| 300 ## - PHYSICAL DESCRIPTION |
| Extent |
various pagination |
| Other physical details |
: ill. |
| Dimensions |
; 24 cm. |
| 650 #0 - SUBJECT ADDED ENTRY--TOPICAL TERM |
| Topical term or geographic name as entry element |
Measuring instruments |
| 700 1# - ADDED ENTRY--PERSONAL NAME |
| Personal name |
Chaudhary, K. K. |
| 852 ## - LOCATION/CALL NUMBER |
| Location |
|
| 942 ## - ADDED ENTRY ELEMENTS (KOHA) |
| Item type |
Books |